000 00374nam a2200145Ia 4500
008 100122s9999 xx 000 0 und d
082 _b14925
_a823.08
100 _aदेसाई रणजित
245 _aकणव
260 _bदेशमुख आणि कंपनी
_c1960
300 _a421
630 _aकणव
730 _aकणव
942 _cBOOK
999 _c405268
_d405265